Movies Quiz

Random Movies or City Quiz
Score 0/22 Timer 06:00
0 Plays Today
% Correct
Sheffield
86.5%
Cardiff
44.6%
Edinburgh
43.2%
Liverpool
33.8%
Swansea
23%
Belfast
23%
Oxford
23%
Wakefield
21.6%
Blackpool
18.9%
Bristol
18.9%
Manchester
17.6%
% Correct
Bradford
17.6%
Newcastle upon Tyne
17.6%
Nottingham
17.6%
London
17.6%
Brighton
16.2%
Glasgow
14.9%
Birmingham
12.2%
Coventry
12.2%
St. Albans
10.8%
Windsor
10.8%
Leeds
6.8%
Remove Ads.
Support Sporcle.
Get the best of Sporcle when you Go Orange. This ad-free experience offers more features, more stats, and more fun while also helping to support Sporcle. Thank you for becoming a member.

You're not logged in!

Compare scores with friends on all Sporcle quizzes.
OR
Log In

Show Comments

Extras

Created Dec 20, 2014ReportNominate
Tags:City Quiz, Clickable Quiz, set, Town

Top Quizzes Today


Score Distribution

Your Account Isn't Verified!

In order to create a playlist on Sporcle, you need to verify the email address you used during registration. Go to your Sporcle Settings to finish the process.

Report this User

Report this user for behavior that violates our Community Guidelines.

Details: